00700nam a2200217 a 4500008004100000020002300041020002400064100002500088245011800113260003100231300002700262500002000289650002300309650002000332650001600352710005500368740003200423003000100455005001700456040000900473  a1856090078 (bk. 1) a18560090086 (bk. 2)1 aBrown, Robert Henry.14aThe insurance of merchant ships & shipowners' interests :ba reading course in three books /cby Robert H. Brown. aLondon :bWitherby,c1990. a3 v. :bill. ;c30 cm. a"Hull/Bkr 1990" 0aInsurance, Marine. 0aMerchant ships. 0aShipowners.2 aMarine Insurance Training Services (Great Britain)1 aTraining notes for brokers.20230123133248.0 cNUST